Nanotribology and Nanomechanics : (Record no. 609541)

000 -LEADER
fixed length control field 00366nam a22001337a 4500
020 ## - INTERNATIONAL STANDARD BOOK NUMBER
International Standard Book Number 9783540242673
040 ## - CATALOGING SOURCE
Transcribing agency NUST
082 ## - DEWEY DECIMAL CLASSIFICATION NUMBER
Classification number 621.89
Author Mark NAN
100 ## - MAIN ENTRY--PERSONAL NAME
Personal name Bhushan , Bharat
9 (RLIN) 62442
245 ## - TITLE STATEMENT
Title Nanotribology and Nanomechanics :
Remainder of title An introduction
260 ## - PUBLICATION, DISTRIBUTION, ETC.
Place of publication, distribution, etc. New York
Name of publisher, distributor, etc. Springer
Date of publication, distribution, etc. 2005
650 ## - SUBJECT ADDED ENTRY--TOPICAL TERM
Topical term or geographic name entry element Nanotribology and Nanomechanics ,
9 (RLIN) 123315
942 ## - ADDED ENTRY ELEMENTS (KOHA)
Source of classification or shelving scheme
Koha item type Book
Holdings
Withdrawn status Lost status Source of classification or shelving scheme Damaged status Not for loan Permanent Location Current Location Shelving location Date acquired Total Checkouts Full call number Barcode Date last seen Price effective from Koha item type
          College of Electrical & Mechanical Engineering (CEME) College of Electrical & Mechanical Engineering (CEME) General Stacks 06/06/2024   621.89 NAN CEME - 42217 06/06/2024 06/06/2024 Book
© 2023 Central Library, National University of Sciences and Technology. All Rights Reserved.